Statistiken für Top 15 Länder mit Covid-19-Todesfällen - 6. Mai

Klicken Sie hier um das Quiz zu spielen!

Allgemein

  • Dieses Quiz wurde 8 mal gespielt
  • Das Durchschnittsergebnis liegt bei 18 aus 21

Antwortstatistiken

Land% Korrekt
Belgien
100%
China
100%
Deutschland
100%
Frankreich
100%
Italien
100%
Niederlande
100%
Schweiz
100%
Spanien
100%
Vereinigtes Königreich
100%
Vereinigte Staaten
100%
Brasilien
88%
Kanada
88%
Portugal
88%
Schweden
88%
Schweden
88%
Dänemark
75%
Irland
75%
Türkei
75%
Iran
63%
Mexiko
63%
Ecuador
38%

Verteilung der Resultate

Perzentil nach korrekt beantworteten Fragen

Anzahl Personen mit jedem Resultat

Ihre Resultats-Entwicklung

Sie haben dieses Quiz noch nicht gespielt